Ykkönen 2025 - Statistics

Yleistilastot
  • Tätä visaa on pelattu 17 kertaa
  • Keskiarvotulos 8 / 12
Vastaustilastot
Maakunta Seura % Oikein
Lappi RoPS
87%
Keski-Pohjanmaa KPV
80%
Pohjois-Savo KuPS Akatemia
73%
Uusimaa Atlantis FC
67%
Uusimaa EPS
67%
Satakunta FC Jazz
67%
Keski-Suomi JJK Jyväskylä
67%
Pohjois-Pohjanmaa OLS
67%
Pirkanmaa TamU
67%
Varsinais-Suomi FC Inter 2
60%
Etelä-Savo MP
53%
Uusimaa PKKU
53%
Ehtoja vastaavia visoja ei löytynyt
Tulosjakauma
Jokaisen tuloksen saaneiden osuus
Persentiili vastausten määrän mukaan
Tuloshistoriasi
Et ole pelannut tätä visaa